000 00946nac a22002777a 4500
001 BR8203273
003 BR-BrBNA
005 20240105115340.0
008 230509b bl.|||m| |||| 00| 0 por d
040 _aBR-BrBNA
_bpor
_cBiblioteca Nacional de Agricultura
072 _aH60
090 _a0710 BR8203273
100 1 _aMedeiros, A.R.M. de
100 1 _aPereira, J.F.M.
110 1 _aUnidade de Execucao de Pesquisa de Ambito Estadual de Cascata, RS (Brasil)
_910359
245 1 _aControle de invasores em pomar de macieiras [controle quimico, analise quantitativa]
260 3 _aCascata, RS (Brasil):
_c1982.
300 _a2 p.
490 _aPesquisa em Andamento - Unidade de Execucao de Pesquisa de Ambito Estadual de Cascata (Brazil)
_vno. 7
_x
650 _aMACA
650 _aERVA DANINHA
650 _aHERBICIDA
650 _aANALISE QUANTITATIVA
909 _a202312
_bLúcia Elande
_c55
_dLúcia Elande
942 _2AGRIS
_n0
_cMS
999 _c274418
_d274418